| 000 | 00443nam a2200157 i 4500 | ||
|---|---|---|---|
| 001 | 89348 | ||
| 003 | ES-MaACL | ||
| 005 | 20230906180143.0 | ||
| 007 | t| | ||
| 008 | 050110s1906 sp ||||1| spa d | ||
| 100 | 1 |
_aLarrubiera, Alejandro. _970365 |
|
| 245 | 1 | 0 |
_aFuera de combate _b: (novela) / _cAlejandro Larrubiera y Crespo. |
| 260 |
_aMadrid : _b[s.n.], _c1906 ( _fRivadeneyra) |
||
| 300 |
_a284 p. ; _c18 cm. |
||
| 852 |
_aES-MaACL _jF-9845 |
||
| 999 |
_c89348 _d89348 |
||